Statistics for European History by Letter H

Click here to take the quiz!

General Stats

  • This quiz has been taken 470 times
  • The average score is 6 of 10

Answer Stats

HintAnswer% Correct
Author of the Iliad and the OdysseyHomer
95%
Systematic mass slaughter of Jews in Nazi concentration campsthe Holocaust
91%
Country that rebelled against communism and Soviet pressure in 1956Hungary
90%
Royal house that ruled Austria for centuriesHabsburg
80%
This city is the home of the Dutch government, however, it's not the country's capitalThe Hague
78%
Greek name for GreeceHellas
59%
President of Germany 1925 - 1934Paul von Hindenburg
40%
Greek god of blacksmiths, fire and volcanoesHephaestus
39%
Ideology connected to renaissanceHumanism
38%
Native name of the country that became independent from Yugoslavia in 1991Hrvatska
35%

Score Distribution

Percentile by Number Answered

Percent of People with Each Score

Your Score History

You have not taken this quiz